| 000 | 01206naa a2200241 i 4500 | ||
|---|---|---|---|
| 001 | BPP | ||
| 003 | BPK | ||
| 005 | 20150223094808.0 | ||
| 008 | 150223s1980 pl f |100 0 pol | ||
| 040 | _cBPK | ||
| 080 | _a691 | ||
| 100 |
_aMARCINKOWSKI, Stefan. _d1969 - 1992. _bWyższa Szkoła Inżynierska w Koszalinie - Instytut Budownictwa Lądowego, _cZakład Podstaw Budownictwa i Technologii Materiałów Budowlanych |
||
| 245 |
_aSpoiwo cementowo-popiołowe na bazie popiołów lotnych z węgli brunatnych Zagłębia Konińskiego (wyniki badań) / _cStefan Marcinkowski, Henryk Dondelewski. |
||
| 260 | _c1980. | ||
| 500 | _aDane z kartoteki bpp. | ||
| 650 | 0 | _aZaprawy budowlane. | |
| 650 | 0 | _aPopiół lotny. | |
| 655 | 0 | _aMateriały konferencyjne. | |
| 700 |
_aDONDELEWSKI, Henryk. _d1973 - 1996. _bWyższa Szkoła Inżynierska w Koszalinie - Instytut Budownictwa Lądowego, _cZakład Podstaw Budownictwa i Technologii Materiałów Budowlanych |
||
| 711 |
_aSympozjum : Nowe materiały budowlane w Polsce _n(1 ; _d1980.05 ; _cJachranka, Polska). |
||
| 773 |
_iW : _tNowe materiały budowlane w Polsce : I Sympozjum. - _dJachranka, 1980. - _gs. 79-86 |
||
| 942 |
_cART _2UKD |
||
| 999 |
_c6886 _d6886 |
||